Music Quiz

Random Music or Song Quiz

'Viva La Vida' Lyrics Quiz Stats

 Plays Quiz Updated Aug 17, 2018

Challenge
Share
Tweet
Embed
Score 0/282 Timer 09:00
3 Plays Today
Lyrics % Correct
I
99.1%
I
99.1%
I
99.1%
I
99.1%
I
99.1%
I
99.1%
I
99.1%
I
99.1%
I
99.1%
I
99.1%
I
99.1%
I
98.8%
I
98.8%
I
98.8%
I
98.8%
I
98.8%
I
98.8%
I
98.8%
the
97.8%
the
97.8%
the
97.8%
the
97.8%
the
97.8%
the
97.8%
the
97.8%
the
97.8%
the
97.8%
the
97.8%
the
97.8%
the
97.8%
the
97.8%
the
97.8%
the
96.7%
the
96.7%
a
96.5%
a
95.5%
a
95.5%
a
95.5%
a
95.4%
to
95%
to
95%
to
94.9%
to
94.9%
to
94.9%
a
94.5%
a
94.5%
world,
93.2%
world.
93.2%
rule
92.4%
in
91.2%
in
91.2%
in
91.2%
in.
91.2%
my
90.1%
my
90.1%
my
90.1%
my
90.1%
my
90.1%
my
90.1%
my
90.1%
used
89.9%
used
89.9%
used
89.9%
when
89.3%
when
89.3%
world.
88.9%
world.
88.9%
Be
88.6%
be
88.6%
St.
87.7%
in
87.3%
in
87.3%
Be
85.7%
Be
85.7%
my
85.6%
my
85.6%
my
85.6%
my
85.6%
my
85.6%
my
85.6%
my
85.6%
when
84.7%
when
84.7%
For
82.7%
for
82.7%
sing,
82.4%
And
82.1%
and
82.1%
and
82.1%
and
82.1%
and
82.1%
St.
81.9%
an
81.5%
an
81.5%
Lyrics % Correct
an
81.5%
that
80.6%
that
80.6%
would
80.1%
would
80.1%
would
80.1%
hear
80%
on
78.6%
on
78.6%
on
78.6%
was
78.4%
bells
78.4%
was
78.4%
are
78.4%
For
77.8%
For
77.8%
singing.
77.6%
(a)-ringing
77.2%
and
76.9%
and
76.9%
ruled
76.6%
Peter
76.4%
Roman
76.3%
word.
76%
some
75.8%
call
75.7%
that
75.6%
that
75.6%
Now
75.5%
now
75.5%
name.
75.4%
is
74.8%
are
74.6%
are
74.5%
know
74.2%
king
74.1%
king.
74.1%
king?
74.1%
was
73.9%
was
73.9%
was
73.9%
hear
73.8%
hear
73.8%
eyes.
73.8%
streets
72.8%
me.
72.8%
me
72.8%
can't
72.3%
can't
72.3%
can't
72.3%
choirs
72.3%
gave
72.1%
fear
71.9%
dice,
71.4%
ruled
71.1%
ruled
71.1%
roll
70.9%
bells
70.8%
bells
70.8%
singing.
70.7%
singing.
70.7%
never,
70.6%
feel
69.5%
some
69.5%
some
69.5%
of
69.4%
of
69.4%
of
69.4%
live
69.3%
(a)-ringing.
69.3%
(a)-ringing.
69.3%
rise
69.2%
alone,
68.7%
Peter
68.6%
Roman
68.5%
Roman
68.5%
own.
68.5%
explain,
68.1%
explain,
68.1%
explain,
68.1%
sweep
68%
field.
67.8%
call
67.8%
sleep
67.7%
reason
67.6%
reason
67.6%
reason
67.6%
enemy's
67.5%
name.
67.4%
long
67.3%
know
67.1%
and
66.6%
dead
66.4%
morning
66.3%
Lyrics % Correct
shield,
66.2%
old
66.2%
choirs
65.7%
choirs
65.7%
word,
65.3%
word,
65.3%
word,
65.3%
seas
64.8%
Jerusalem
64.7%
sword
64.5%
foreign
64.2%
mirror
63.6%
as
62.8%
One
60.6%
crowd
60.5%
key,
59.8%
It
59.5%
cavalry
59.2%
but
58.8%
but
58.8%
missionaries
58.6%
won't
58.3%
held
58.2%
field.
57.9%
field.
57.9%
who
57.8%
Listen
57.7%
want
57.6%
minute
57.6%
sand.
56.7%
ever
56.3%
it
56%
Jerusalem
55.7%
Jerusalem
55.7%
shield,
55.7%
shield,
55.7%
pillars
55.2%
pillars
55.2%
Never
54.7%
Never
54.8%
Never
54.8%
foreign
54.6%
foreign
54.6%
sword
54%
sword
54%
were
53.4%
cavalry
53.1%
cavalry
53.1%
next
52.3%
what
52.3%
mirror
52%
mirror
52%
let
51.7%
closed
51.6%
stand,
51.5%
walls
50.9%
won't
50.1%
doors
49.5%
down
49.1%
wind,
49%
upon
48.8%
missionaries
48.7%
missionaries
48.7%
wild
48.5%
honest
48.3%
honest
48.3%
honest
48.3%
silver
48.3%
head
47.9%
salt
47.8%
castles
47.7%
plate.
47.3%
Oh
47.2%
people
47.1%
wicked
45.1%
discovered
44.9%
I'd
44.8%
believe
44.7%
couldn't
44.7%
sound
44.3%
become.
44.2%
drums,
43.6%
blew
43.2%
Just
42%
Revolutionaries
41.3%
once
40.3%
wait,
39.5%
string,
37.7%
lonely
37.5%
puppet
36.8%
windows
35.9%
Shattered
35%
gone
29.1%
you'd
16.4%

You're not logged in!

Compare scores with friends on all Sporcle quizzes.
OR
Log In

You Might Also Like...

Show Comments

Extras

Top Quizzes Today


Score Distribution

Your Account Isn't Verified!

In order to create a playlist on Sporcle, you need to verify the email address you used during registration. Go to your Sporcle Settings to finish the process.

Report this User

Report this user for behavior that violates our Community Guidelines.

Details: